| 000 | 01057aam a2200325 i 4500 | ||
|---|---|---|---|
| 001 | 768714001 | ||
| 003 | CO-MdFUSB | ||
| 005 | 20240821102637.0 | ||
| 007 | ta | ||
| 008 | 240511b1976 ag |||| |||| 001 0dspa d | ||
| 020 | _a[No incluye ISBN] | ||
| 040 |
_aCO-MdFUSB _bspa _cCO-MdFUSB _dCO-MdFUSB _erda |
||
| 041 | 0 | _aspa | |
| 082 | 0 | 4 |
_a232.5 _223 _bG795 |
| 100 | 1 |
_aGreen, Michael _eautor |
|
| 245 | 0 | 0 |
_aJesucristo vive hoy ! _c/ Michael Green |
| 250 | _aprimera edición | ||
| 264 | 1 |
_bEdiciones Certeza, _aBueno Aires, Argentina : _c[1976] |
|
| 264 | 4 | _c©1976 | |
| 300 |
_a148 páginas _c; 18 cm |
||
| 336 |
_2rdacontent _atexto _btxt |
||
| 337 |
_2rdamedia _asin mediación _bn |
||
| 338 |
_2rdacarrier _avolumen _bnc |
||
| 505 | _aMás muertos que vivos -- Los testigos inmediatos -- Examen de los hechos -- ¡El vive! -- ¿Tiene importancia? -- La vida que vale la pena -- Vida perdurable -- ¡Hombres cabales! | ||
| 563 | _aRústica | ||
| 650 | 7 |
_aResurrección _9214 |
|
| 650 | 7 |
_aCristianismo _922 |
|
| 942 | _cBK | ||
| 945 | _aLuz Peña | ||
| 999 |
_c44116 _d44116 |
||